Города Северной Осетии - Statistics

General Stats
  • This quiz has been taken 37 times
  • The average score is 3 of 6
Answer Stats
Население Город % Correct
292 717 Владикавказ
96%
36 011 Беслан
85%
35 662 Моздок
65%
21 315 Алагир
38%
18 915 Ардон
35%
9994 Дигора
27%
No matching quizzes found
Score Distribution
Percent of People with Each Score
Percentile by Number Answered
Your Score History
You have not taken this quiz